000 00832nam a2200241Ia 4500
003 OSt
005 20220923222306.0
006 a|||||r|||| 00| 0
007 ta
008 220922b |||||||| |||| 00| 0 mar d
024 _a204,322
037 _cTextual
040 _aARTS
_cARTS
_bmar
041 _2mar
_amar
082 _aO155,3xN3, 152M3
100 _aभातेम्बर, प्रकाश, अनु.
_9163419
245 0 _aश्रेष्ठ मराठी कहानियां
246 _aShreṣhṭha marāṭhī kahāniyāan
260 _aनई दिल्ली
_b प्रकाशन संस्थान
_c1983
300 _a160पृ0
_ccm.
942 _hO155,3xN3, 152M3
_cTEXL
_2CC
999 _c355071
_d355071